000
00327nam a2200145Ia 4500
008
230312s9999||||xx |||||||||||||| ||und||
020
_a
9789699739866
082
_a
891.4
_b
ELI-N
100
_a
ایلف شفق
245
0
_a
ناموس
260
_b
Jamhori
_a
pak
_c
2014
300
_a
359
650
_a
Literature
942
_c
BK
999
_c
14949
_d
14949